000 00310nam a22001457a 4500
008 210224b ||||| |||| 00| 0 eng d
020 _a2900534556579
041 _aeng
080 _a101
082 _a101
100 _a24
101 _aFIL
245 _aHow should we live?
_cPojman, L.P
942 _2udc
_cBK
999 _c55137
_d55137